000
00326nam a22001457a 4500
999
_c
258656
_d
258655
003
OSt
005
20200625092733.0
008
200625b xxu||||| |||| 00| 0 eng d
020
_a
9044927396
040
_c
N/A
100
_a
Robin Cook
245
_a
Verminkt
260
_a
New York
_b
Zwarte Beertjes
_c
1997
942
_2
lcc
_c
BK